<?xml version="1.0" encoding="UTF-8"?>
<record
    xmlns:xsi="http://www.w3.org/2001/XMLSchema-instance"
    xsi:schemaLocation="http://www.loc.gov/MARC21/slim http://www.loc.gov/standards/marcxml/schema/MARC21slim.xsd"
    xmlns="http://www.loc.gov/MARC21/slim">

  <leader>01742nam a2200277 u 4500</leader>
  <controlfield tag="001">1298702</controlfield>
  <controlfield tag="005">20260508075425.0</controlfield>
  <controlfield tag="007">co|||||||</controlfield>
  <controlfield tag="008">120921s2011                        spa  </controlfield>
  <datafield tag="035" ind1=" " ind2=" ">
    <subfield code="a">1298702</subfield>
  </datafield>
  <datafield tag="040" ind1=" " ind2=" ">
    <subfield code="c">comduadb</subfield>
  </datafield>
  <datafield tag="041" ind1=" " ind2=" ">
    <subfield code="a">spa</subfield>
  </datafield>
  <datafield tag="050" ind1=" " ind2="4">
    <subfield code="a">GV</subfield>
  </datafield>
  <datafield tag="100" ind1="1" ind2="0">
    <subfield code="a">G&#xF3;mez Zapata, Juan Fernando</subfield>
    <subfield code="4">aut</subfield>
    <subfield code="e">aut</subfield>
    <subfield code="9">678729</subfield>
  </datafield>
  <datafield tag="245" ind1="1" ind2="3">
    <subfield code="a">El voluntariado en la Copa Mundial de F&#xFA;tbol FIFA, categor&#xED;a Sub-20, Medell&#xED;n, 2011</subfield>
  </datafield>
  <datafield tag="260" ind1=" " ind2=" ">
    <subfield code="a">Medell&#xED;n :</subfield>
    <subfield code="b">Autor(a),</subfield>
    <subfield code="c">2011.</subfield>
  </datafield>
  <datafield tag="300" ind1=" " ind2=" ">
    <subfield code="a">1 CD-ROM</subfield>
  </datafield>
  <datafield tag="520" ind1="3" ind2=" ">
    <subfield code="a">Se documenta la experiencia vivida como voluntario en la Copa Mundial de F&#xFA;tbol FIFA, Medell&#xED;n 2011, categor&#xED;a sub-20. En dicha experiencia se particip&#xF3; en el &#xE1;rea t&#xE9;cnica y se comparti&#xF3; con los jugadores y t&#xE9;cnicos de las Selecciones de Argentina y M&#xE9;xico. La documentaci&#xF3;n se realiza en cinco fases: Identificaci&#xF3;n de la experiencia; fundamentaci&#xF3;n te&#xF3;rica, conceptual y legal del voluntariado; dise&#xF1;o metodol&#xF3;gico; tratamiento de la informaci&#xF3;n, conclusiones y recomendaciones. En la valoraci&#xF3;n obtenida de la labor realizado por los voluntarios se pudo obtener testimonios y declaraciones de ellos, de los t&#xE9;cnicos de las delegaciones y de los deportistas participantes. En general se valor&#xF3; como muy productiva y oportuna la labor adelantada por el grupo de voluntarios en Medell&#xED;n. La documentaci&#xF3;n gr&#xE1;fica ayuda a tener una mejor comprensi&#xF3;n de las acciones adelantadas y de los logros alcanzados.</subfield>
  </datafield>
  <datafield tag="650" ind1=" " ind2="7">
    <subfield code="a">Administraci&#xF3;n deportiva</subfield>
    <subfield code="2">lemb</subfield>
    <subfield code="9">163000</subfield>
  </datafield>
  <datafield tag="650" ind1=" " ind2=" ">
    <subfield code="a">Voluntariado</subfield>
    <subfield code="9">133651</subfield>
  </datafield>
  <datafield tag="650" ind1=" " ind2=" ">
    <subfield code="a">Campeonato Mundial de F&#xFA;tbol Sub20 - Colombia 2011</subfield>
    <subfield code="9">198239</subfield>
  </datafield>
  <datafield tag="700" ind1="1" ind2="0">
    <subfield code="a">Ontib&#xF3;n Torres, Julio</subfield>
    <subfield code="4">ths</subfield>
    <subfield code="e">ths</subfield>
    <subfield code="9">640176</subfield>
  </datafield>
  <datafield tag="942" ind1=" " ind2=" ">
    <subfield code="c">TESIS</subfield>
  </datafield>
  <datafield tag="999" ind1=" " ind2=" ">
    <subfield code="c">636739</subfield>
    <subfield code="d">636739</subfield>
  </datafield>
  <datafield tag="502" ind1=" " ind2=" ">
    <subfield code="b">308</subfield>
    <subfield code="c">24</subfield>
  </datafield>
  <datafield tag="526" ind1=" " ind2=" ">
    <subfield code="a">310</subfield>
  </datafield>
  <datafield tag="952" ind1=" " ind2=" ">
    <subfield code="0">0</subfield>
    <subfield code="1">0</subfield>
    <subfield code="4">0</subfield>
    <subfield code="7">0</subfield>
    <subfield code="8">AUDIOVISUA</subfield>
    <subfield code="a">EDUFI</subfield>
    <subfield code="b">EDUFI</subfield>
    <subfield code="d">2012-09-21</subfield>
    <subfield code="e">Material adquirido por donaci&#xF3;n</subfield>
    <subfield code="i">C1157305</subfield>
    <subfield code="l">0</subfield>
    <subfield code="o">GV343.5 G6v CD-ROM</subfield>
    <subfield code="p">0746730</subfield>
    <subfield code="r">2023-05-02 00:00:00</subfield>
    <subfield code="t">1</subfield>
    <subfield code="w">2023-05-02</subfield>
    <subfield code="y">DIGITAL</subfield>
  </datafield>
</record>
